Normal view
MARC view
Entry Personal Name
001 - CONTROL NUMBER
- control field: 36424
003 - CONTROL NUMBER IDENTIFIER
- control field: dpl
005 - DATE AND TIME OF LATEST TRANSACTION
- control field: 20111202103212.0
008 - FIXED-LENGTH DATA ELEMENTS
- fixed length control field: 111202|||a|||||| | ||| d
040 ## - CATALOGING SOURCE
- Original cataloging agency: dpl
- Transcribing agency: dpl
100 ## - HEADING--PERSONAL NAME
- Personal name: Heald, Robin
670 ## - SOURCE DATA FOUND
- Source citation: Work cat.: (dpl): Haralambos, Michael 36423, Sociology themes and persepectives /, 2011
670 ## - SOURCE DATA FOUND
- Source citation: Work cat.: (dpl): Haralambos, Michael 36423, Sociology themes and persepectives /, 2011
